[Event "Amadora op"]
[Site "?"]
[Date "2003.09.05"]
[Round "4.2"]
[White "Guerra Victor"]
[Black "Pereira Ruben Miguel Nunes"]
[Result "1/2-1/2"]
[WhiteElo "2192"]
[BlackElo "2073"]
[PlyCount "149"]
[EventDate "2003.??.??"]
[Source "www.chesslib.no"]
[SourceDate "2004.05.04"]

1. d4 Nf6 2. c4 g6 3. d5 d6 4. Nc3 Bg7 5. e4 e5 6. Bd3 O-O 7. Nge2 Nbd7 8. f3 a5 9. Be3 b6 10. Qd2 Nc5 11. Bc2 Ne8 12. g4 Qh4+ 13. Ng3 h6 14. O-O-O Kh7 15. Rdg1 Qe7 16. h4 Rh8 17. Qe2 Bd7 18. Rg2 Rb8 19. Bd2 Bf8 20. Rf2 Bg7 21. a4 Rf8 22. b3 Rh8 23. Nd1 Rf8 24. Nb2 Rh8 25. Nd3 Nxd3+ 26. Bxd3 Rf8 27. Bc2 Qd8 28. g5 h5 29. f4 Bg4 30. Qd3 exf4 31. Bxf4 Be5 32. Bd2 Qe7 33. Rhf1 Kg8 34. Bd1 Bxd1 35. Rxd1 Ng7 36. Ne2 Rbe8 37. Re1 Qd7 38. Nd4 Qg4 39. Nf3 Bf4 40. Rfe2 Bxd2+ 41. Kxd2 Re7 42. e5 dxe5 43. Re4 Qg3 44. Nd4 Qf2+ 45. R1e2 Qf1 46. Nc6 Ree8 47. Re1 Qf2+ 48. Kc3 Nf5 49. Nxe5 Re7 50. Qe2 Qc5 51. Nd3 Rxe4 52. Qxe4 Qd6 53. Qe5 Qd7 54. Nf2 Nd6 55. Ne4 Nxe4+ 56. Rxe4 Qh3+ 57. Re3 Qd7 58. Qe7 Rd8 59. Qxd7 Rxd7 60. b4 axb4+ 61. Kxb4 Kg7 62. a5 bxa5+ 63. Kxa5 f6 64. gxf6+ Kxf6 65. Re6+ Kf5 66. Kb5 g5 67. hxg5 Kxg5 68. Kc6 Rf7 69. c5 h4 70. Re3 Kg4 71. Re8 h3 72. Rg8+ Kf3 73. d6 cxd6 74. Kxd6 h2 75. Rh8 1/2-1/2

[Event "Open"]
[Site "Marianske Lazne CZE"]
[Date "2008.01.24"]
[Round "7"]
[White "Hastik, S."]
[Black "Chlebus, M."]
[Result "1-0"]
[WhiteElo "2116"]
[BlackElo "1994"]
[PlyCount "71"]
[EventDate "2008.01.19"]
[Source "www.chesslib.no"]
[SourceDate "2004.05.04"]

1. d4 Nf6 2. c4 g6 3. d5 Bg7 4. Nc3 O-O 5. e4 d6 6. Be2 c6 7. Nf3 Nbd7 8. h3 Nc5 9. Qc2 a5 10. Be3 Ncd7 11. O-O c5 12. Rfd1 Ne8 13. Rab1 e5 14. dxe6 fxe6 15. Nb5 Qb6 16. Qd2 Ndf6 17. e5 dxe5 18. Qc2 Nh5 19. Ng5 Nf4 20. Ne4 Nxe2+ 21. Qxe2 Qc6 22. Nxc5 e4 23. Na4 e5 24. Nb6 Ra6 25. c5 Be6 26. b3 Nc7 27. Nc3 Ne8 28. Nca4 Bf6 29. Bh6 Rf7 30. Re1 Be7 31. Rbc1 Nf6 32. Bg5 e3 33. Qxe3 Nd5 34. Qxe5 Nxb6 35. cxb6 Qd7 36. Bxe7 1-0

[Event "Corr"]
[Site "?"]
[Date "2005.01.12"]
[Round "?"]
[White "Von Rosenberg Clemens"]
[Black "Davies Hywel"]
[Result "0-1"]
[WhiteElo "1255"]
[BlackElo "1193"]
[PlyCount "30"]
[EventDate "2005.??.??"]
[Source "www.chesslib.no"]
[SourceDate "2004.05.04"]

1. c4 Nf6 2. d4 g6 3. d5 Bg7 4. Nc3 O-O 5. e4 d6 6. Be2 Nbd7 7. Bg5 Nc5 8. Bf3 e6 9. Nge2 h6 10. Be3 exd5 11. cxd5 Qe7 12. Ng3 Nfd7 13. O-O Re8 14. Qd2 Ne5 15. Be2 Qh4 0-1